Akan Sular Şarap Olsa (Record no. 2453)

000 -LEADER
fixed length control field 00434nam a22001697a 4500
008 - FIXED-LENGTH DATA ELEMENTS--GENERAL INFORMATION
fixed length control field 180910b xxu||||| |||| 00| | tur d
020 ## - INTERNATIONAL STANDARD BOOK NUMBER
International Standard Book Number 9755451420
041 ## - LANGUAGE CODE
Language code of text/sound track or separate title Türkçe
050 ## - LIBRARY OF CONGRESS CALL NUMBER
Classification number PL248.B85
100 ## - MAIN ENTRY--PERSONAL NAME
Personal name Buyrukçu, Muzaffer
9 (RLIN) 1147
245 ## - TITLE STATEMENT
Title Akan Sular Şarap Olsa
250 ## - EDITION STATEMENT
Edition statement 1.Basım
260 ## - PUBLICATION, DISTRIBUTION, ETC.
Place of publication, distribution, etc. İstanbul
Name of publisher, distributor, etc. Telos Yayıncılık
Date of publication, distribution, etc. Kasım 1998
300 ## - PHYSICAL DESCRIPTION
Extent 372 Sayfa
650 #0 - SUBJECT ADDED ENTRY--TOPICAL TERM
9 (RLIN) 145
Topical term or geographic name entry element Türk Edebiyatı
942 ## - ADDED ENTRY ELEMENTS (KOHA)
Source of classification or shelving scheme
Koha item type Books
Holdings
Withdrawn status Lost status Source of classification or shelving scheme Damaged status Not for loan Permanent Location Current Location Shelving location Date acquired Full call number Barcode Date last seen Price effective from Koha item type
        Ödünç verilemez İmren Ahmet Tüzün Kütüphanesi İmren Ahmet Tüzün Kütüphanesi Ahmet Tüzün 2018-09-10 PL248.B85 100100002415 2018-09-10 2018-09-10 Books

This software was implemented, installed and managed by Devinim Software Training Consulting .